[Event "47th POL-ch (w)"]
[Site "Warszawa POL"]
[Date "1995.03.??"]
[Round "1"]
[EventDate "1995.03.20"]
[PlyCount "94"]
[Result "0-1"]
[White "Dworakowska, Joanna"]
[Black "Brustman, Agnieszka"]
[WhiteElo "2225"]
[BlackElo "2290"]

1. e4 c5 2. Nf3 d6 3. d4 cxd4 4. Nxd4 Nf6 5. Nc3 a6 6. Bg5 e6 7. f4 Qc7 8. Qf3  b5 9. O-O-O b4 10. Nb1 Nbd7 11. Bd3 Bb7 12. Nd2 Be7 13. Qh3 Qb6 14. f5 e5 15.  N4f3 Nc5 16. Bxf6 gxf6 17. Bc4 Nxe4 18. Nxe4 Bxe4 19. Nd2 Bc6 20. Qb3 Rf8 21.  Bd5 Bxd5 22. Qxd5 Rc8 23. Nc4 Qc5 24. b3 Rg8 25. Qf3 a5 26. Rd5 Qc6 27. Rhd1 a4  28. g3 axb3 29. axb3 Kf8 30. Qd3 Kg7 31. Qd2 Rb8 32. Kb2 Rgd8 33. Ra1 Ra8 34.  Raa5 Rdb8 35. Kc1 Bd8 36. Rxa8 Rxa8 37. Kd1 Bc7 38. Ke2 Ra2 39. Kf2 Rxc2 40.  Qxc2 Qxd5 41. Nd2 Bb6+ 42. Ke1 Qh1+ 43. Nf1 Qf3 44. Qc4 Bd4 45. Qe2 Qc3+ 46.  Nd2 Be3 47. Qg4+ Kf8 0-1

[Event "47th POL-ch (w)"]
[Site "Warszawa POL"]
[Date "1995.03.??"]
[Round "1"]
[EventDate "1995.03.20"]
[PlyCount "62"]
[Result "0-1"]
[White "Krynicka, Jolanta"]
[Black "Guzkowska, Magdalena"]
[WhiteElo "2175"]
[BlackElo "2155"]

1. Nf3 c5 2. g3 g6 3. Bg2 Bg7 4. O-O Nc6 5. d3 d5 6. Nbd2 e6 7. c4 Nge7 8. a3  O-O 9. Rb1 a5 10. Nb3 b6 11. Bd2 dxc4 12. dxc4 Ba6 13. Qc1 Rc8 14. Na1 Nd4 15.  Nxd4 cxd4 16. b3 a4 17. bxa4 Bxc4 18. Qd1 Nd5 19. Bxd5 Bxd5 20. Bb4 Re8 21. Nb3  e5 22. Qd2 Qd7 23. a5 bxa5 24. Nxa5 Qh3 25. f3 Bh6 26. Qb2 Be3+ 27. Kh1 e4 28.  Nb3 d3 29. Nd4 dxe2 30. Nxe2 exf3 31. Nf4 Bxf4 0-1

[Event "47th POL-ch (w)"]
[Site "Warszawa POL"]
[Date "1995.03.??"]
[Round "1"]
[EventDate "1995.03.20"]
[PlyCount "45"]
[Result "1-0"]
[White "Leszner, Liliana"]
[Black "Lewandowska, Katarzyna"]
[WhiteElo "2205"]
[BlackElo "2100"]

1. e4 c5 2. b3 Nc6 3. Bb2 Nf6 4. e5 Nd5 5. Bb5 Nc7 6. Bxc6 dxc6 7. Nc3 Bf5 8.  d3 Ne6 9. Nge2 g5 10. h4 gxh4 11. Rxh4 Rg8 12. Ng3 Bg6 13. Nce2 Qd5 14. f3  O-O-O 15. Qd2 Nd4 16. Nxd4 cxd4 17. Bxd4 c5 18. Bb2 Bxd3 19. O-O-O Qc6 20. Nf5  Qg6 21. Rg4 Qxf5 22. Rxg8 Qe6 23. Rxf8 1-0

[Event "47th POL-ch (w)"]
[Site "Warszawa POL"]
[Date "1995.03.??"]
[Round "1"]
[EventDate "1995.03.20"]
[PlyCount "92"]
[Result "0-1"]
[White "Radziewicz, Iweta"]
[Black "Grabarska, Barbara"]
[WhiteElo "2160"]
[BlackElo "2155"]

1. d4 Nf6 2. Nf3 g6 3. Bg5 Bg7 4. Nbd2 d5 5. e3 O-O 6. c3 b6 7. a4 c5 8. a5  cxd4 9. exd4 Nc6 10. b4 Ne4 11. Nxe4 dxe4 12. Nd2 Qd5 13. Be3 b5 14. a6 e5 15.  c4 bxc4 16. Bxc4 Qd6 17. d5 Nd4 18. O-O Bd7 19. Rb1 f5 20. f3 exf3 21. Nxf3  Rac8 22. Bxd4 exd4 23. Qd3 Qf4 24. Rbe1 Qd6 25. Ba2 Qxb4 26. d6+ Kh8 27. Ng5  Rc3 28. Qd2 Qxd6 29. Nf7+ Rxf7 30. Bxf7 Be5 31. Qh6 Bg7 32. Qh4 Bf6 33. Qh6 Bg7  34. Qh4 Qf6 35. Qxf6 Bxf6 36. Rb1 d3 37. Bd5 Ba4 38. Bf3 d2 39. Bd5 Bd7 40.  Rb8+ Rc8 41. Rxc8+ Bxc8 42. Bc4 f4 43. Be2 Bf5 44. h3 Kg7 45. Kh2 Be4 46. Rd1  Bc3 0-1

[Event "47th POL-ch (w)"]
[Site "Warszawa POL"]
[Date "1995.03.??"]
[Round "1"]
[EventDate "1995.03.20"]
[PlyCount "128"]
[Result "1/2-1/2"]
[White "Zielinska, Marta"]
[Black "Bartosik, Olimpia"]
[WhiteElo "2220"]
[BlackElo "2145"]

1. d4 d5 2. c4 c6 3. cxd5 cxd5 4. Nc3 Nf6 5. Nf3 Nc6 6. Bf4 Bf5 7. e3 e6 8. Bd3  Bg6 9. O-O Be7 10. h3 O-O 11. Bxg6 hxg6 12. Rc1 Rc8 13. Ne5 Nd7 14. Nd3 Nb6 15.  b3 a6 16. Ne2 Nd7 17. Rc2 Ba3 18. Bg3 Qe7 19. f3 Rfd8 20. Bf2 Bd6 21. Qc1 Rc7  22. e4 dxe4 23. fxe4 Rdc8 24. Qd1 Qg5 25. Kh1 e5 26. d5 Ne7 27. Rxc7 Rxc7 28.  Ng1 f5 29. Nf3 Qh5 30. Re1 Rc8 31. Qd2 fxe4 32. Rxe4 Qf5 33. Rc4 Rxc4 34. bxc4  e4 35. Nd4 Qf6 36. Ne1 Nc5 37. Bg1 Bf4 38. Qd1 Qd6 39. Qg4 Kf7 40. Nec2 Nd3 41.  Ne6 Nf5 42. Nxf4 Qxf4 43. Qxf4 Nxf4 44. Bh2 Nd3 45. g4 Nh4 46. Bg1 Nf3 47. Be3  Kf6 48. Kg2 Ke5 49. Bb6 Kd6 50. Ne3 Nfe5 51. h4 Nc5 52. h5 Ncd7 53. Bd4 b5 54.  cxb5 axb5 55. hxg6 Nxg6 56. Bxg7 Nf4+ 57. Kg3 Nxd5 58. Nxd5 Kxd5 59. Kf4 Nc5  60. Ba1 Nd3+ 61. Kg3 Ke6 62. a3 Kf7 63. Bd4 Ke6 64. Ba1 Kf7 1/2-1/2

[Event "47th POL-ch (w)"]
[Site "Warszawa POL"]
[Date "1995.03.??"]
[Round "2"]
[EventDate "1995.03.20"]
[PlyCount "60"]
[Result "0-1"]
[White "Aksiuczyc, Monika"]
[Black "Grabarska, Barbara"]
[WhiteElo "2075"]
[BlackElo "2155"]

1. c4 Nf6 2. Nc3 d5 3. cxd5 Nxd5 4. g3 g6 5. Bg2 Nxc3 6. bxc3 Bg7 7. Nf3 O-O 8.  O-O c5 9. Rb1 Nc6 10. Qc2 Qa5 11. a4 Rd8 12. Rb5 Qa6 13. Ba3 Be6 14. d3 b6 15.  Ng5 Bd7 16. Rbb1 h6 17. Ne4 Rac8 18. Bxc5 bxc5 19. Nxc5 Qa5 20. Nb7 Nd4 21. Qa2  Qxa4 22. Qb2 Ne6 23. d4 Re8 24. Bd5 Bc6 25. Ra1 Qb5 26. Qxb5 Bxb5 27. Bxe6 fxe6  28. Rab1 Bxe2 29. Rfe1 Bf3 30. Nc5 Rxc5 0-1

[Event "47th POL-ch (w)"]
[Site "Warszawa POL"]
[Date "1995.03.??"]
[Round "2"]
[EventDate "1995.03.20"]
[PlyCount "102"]
[Result "0-1"]
[White "Bartosik, Olimpia"]
[Black "Radziewicz, Iweta"]
[WhiteElo "2145"]
[BlackElo "2160"]

1. e4 c5 2. c3 d5 3. exd5 Qxd5 4. d4 cxd4 5. Nf3 Nc6 6. cxd4 Bg4 7. Be2 e6 8.  O-O Nf6 9. Nc3 Qd6 10. Nb5 Qd7 11. Ne5 Nxe5 12. dxe5 Bxe2 13. Qxe2 Nd5 14. Rd1  a6 15. Nd4 Bc5 16. Nb3 Ba7 17. Bg5 Qa4 18. Nd2 h6 19. Be3 Bxe3 20. fxe3 O-O 21.  Nc4 Rac8 22. Rd4 Qb5 23. b3 Qc5 24. Nd6 Qc3 25. Re1 Rc7 26. g3 Qa5 27. Nc4 Qc5  28. Qf2 b5 29. Nd6 Ne7 30. Qd2 Qxe5 31. a4 Nd5 32. axb5 Qxd6 33. e4 axb5 34.  exd5 Rd8 35. Qd3 Qb6 36. Kg2 Rcd7 37. Qe3 Qb7 38. Red1 Rxd5 39. Qf3 Qd7 40.  Rxd5 exd5 41. Rc1 d4 42. Qd3 Ra8 43. Rc2 Qd5+ 44. Kg1 Ra1+ 45. Kf2 g6 46. g4  Qe5 47. Kg2 Re1 48. b4 Re3 49. Qd1 Qe4+ 50. Kf2 Rh3 51. Kg1 d3 0-1

[Event "47th POL-ch (w)"]
[Site "Warszawa POL"]
[Date "1995.03.??"]
[Round "2"]
[EventDate "1995.03.20"]
[PlyCount "53"]
[Result "1-0"]
[White "Bobrowska, Monika"]
[Black "Leszner, Liliana"]
[WhiteElo "2310"]
[BlackElo "2205"]

1. d4 e6 2. c4 b6 3. Nf3 Bb7 4. a3 Nf6 5. Nc3 Be7 6. Bf4 O-O 7. e3 Nh5 8. Bg3  f5 9. Ne5 Qe8 10. Be2 Nxg3 11. hxg3 Bxg2 12. Rxh7 Kxh7 13. Bh5 Qxh5 14. Qxh5+  Kg8 15. f3 Rf6 16. Kf2 Nc6 17. Ng6 Bxf3 18. Nxe7+ Nxe7 19. Qxf3 c6 20. Kg2 Kf7  21. Rh1 Rg8 22. Rh7 Ng6 23. Qh5 Ke7 24. e4 Nf8 25. Rh8 g6 26. Qh6 g5 27. Qxf6+  1-0

[Event "47th POL-ch (w)"]
[Site "Warszawa POL"]
[Date "1995.03.??"]
[Round "2"]
[EventDate "1995.03.20"]
[PlyCount "74"]
[Result "1/2-1/2"]
[White "Brustman, Agnieszka"]
[Black "Henc, Renata"]
[WhiteElo "2290"]
[BlackElo "2160"]

1. e4 e6 2. d4 d5 3. Nc3 Nf6 4. e5 Nfd7 5. f4 c5 6. Nf3 Nc6 7. Be3 Qb6 8. Na4  Qa5+ 9. c3 c4 10. b4 Qc7 11. Be2 Be7 12. g4 b6 13. Nb2 a6 14. a4 Bb7 15. O-O f6  16. Qe1 Nf8 17. Qg3 Nd8 18. f5 Nf7 19. Rae1 O-O-O 20. Bd1 Re8 21. Bf4 g5 22.  Bc1 h5 23. gxh5 fxe5 24. fxe6 Nxe6 25. Nxe5 Nxe5 26. dxe5 d4 27. Bg4 Bd5 28.  Qh3 dxc3 29. Bxe6+ Bxe6 30. Qxe6+ Kb8 31. Qxc4 cxb2 32. Qxc7+ Kxc7 33. Bd2 Rxh5  34. Bc3 Rh3 35. Bxb2 Bxb4 36. Rc1+ Bc5+ 37. Bd4 Kc6 1/2-1/2

[Event "47th POL-ch (w)"]
[Site "Warszawa POL"]
[Date "1995.03.??"]
[Round "2"]
[EventDate "1995.03.20"]
[PlyCount "78"]
[Result "0-1"]
[White "Dabrowska, Krystyna"]
[Black "Krynicka, Jolanta"]
[WhiteElo "2305"]
[BlackElo "2175"]

1. e4 e5 2. Nf3 Nf6 3. d4 Nxe4 4. Bd3 d5 5. Nxe5 Nd7 6. Nxd7 Bxd7 7. O-O Qh4 8.  c4 O-O-O 9. c5 g5 10. f3 Nf6 11. Be3 Bg7 12. Nc3 Rhe8 13. Bf2 Qh6 14. h3 Nh5  15. Re1 Nf4 16. Bf1 f5 17. Be3 Rxe3 18. Rxe3 g4 19. fxg4 fxg4 20. hxg4 Nxg2 21.  Rg3 Nf4 22. c6 Bxc6 23. g5 Qh4 24. Qg4+ Qxg4 25. Rxg4 Bxd4+ 26. Kh1 Be5 27. Bb5  d4+ 28. Bxc6 dxc3 29. Be4 cxb2 30. Rf1 Ne2 31. Kg2 Nc3 32. Bxh7 Rh8 33. Bf5+  Kd8 34. Re1 Rh2+ 35. Kg1 Ne2+ 36. Kf1 Ng3+ 37. Kg1 Rh1+ 38. Kf2 Rxe1 39. Kxe1  Nxf5 0-1

[Event "47th POL-ch (w)"]
[Site "Warszawa POL"]
[Date "1995.03.??"]
[Round "2"]
[EventDate "1995.03.20"]
[PlyCount "98"]
[Result "0-1"]
[White "Guzkowska, Magdalena"]
[Black "Dworakowska, Joanna"]
[WhiteElo "2155"]
[BlackElo "2225"]

1. c4 Nf6 2. g3 g6 3. Bg2 Bg7 4. d4 O-O 5. Nc3 d6 6. e3 Nbd7 7. Nge2 e5 8. O-O  Re8 9. b4 c6 10. Ba3 e4 11. b5 Nb6 12. c5 Nc4 13. Qa4 cxb5 14. Nxb5 d5 15. Bc1  Bd7 16. Qb3 Rb8 17. a4 b6 18. Nxa7 bxc5 19. Nb5 Na5 20. Qa2 c4 21. Nec3 Nb3 22.  Rb1 Bf8 23. Rxb3 cxb3 24. Qxb3 Bc6 25. Ba3 Bxa3 26. Qxa3 Qa5 27. Ra1 Rb6 28.  Bf1 Rc8 29. Bh3 Ra8 30. Bf1 Bxb5 31. Bxb5 Rc8 32. Rc1 Rb7 33. Ne2 Rxc1+ 34.  Qxc1 Rc7 35. Qd1 Qb4 36. Kg2 Qb2 37. h3 h5 38. Qe1 Rc2 39. Nf4 Kg7 40. Ne2 Nh7  41. h4 Nf6 42. Kh2 Ng4+ 43. Kg2 Kh7 44. Qd1 Rd2 45. Qf1 Kg7 46. Qe1 Qc2 47. a5  Rd1 48. Qb4 Rb1 49. Ba4 Qxe2 0-1

[Event "47th POL-ch (w)"]
[Site "Warszawa POL"]
[Date "1995.03.??"]
[Round "2"]
[EventDate "1995.03.20"]
[PlyCount "77"]
[Result "1-0"]
[White "Lewandowska, Katarzyna"]
[Black "Zielinska, Marta"]
[WhiteElo "2100"]
[BlackElo "2220"]

1. d4 Nf6 2. Nf3 g6 3. c4 c5 4. Nc3 Bg7 5. d5 d6 6. e4 b5 7. cxb5 a6 8. b6 Nbd7  9. h3 O-O 10. Bd3 Nxb6 11. O-O Nfd7 12. Bf4 Qc7 13. Rc1 c4 14. Na4 Nxa4 15.  Qxa4 Nc5 16. Qxc4 a5 17. Qc2 Qd7 18. Be2 Rb8 19. Be5 Bxe5 20. Nxe5 dxe5 21.  Qxc5 Rxb2 22. Bc4 Qd6 23. Qxa5 Bd7 24. Bb3 Re2 25. Rfe1 Rxe1+ 26. Qxe1 Qb6 27.  Qe3 Qa6 28. Rc7 Qd6 29. Qa7 Rd8 30. a4 Be8 31. Qc5 Qxc5 32. Rxc5 Rb8 33. Bc2  Kg7 34. Kf1 Rb4 35. a5 Ba4 36. Bd3 Be8 37. a6 Ra4 38. Rc8 Bd7 39. Rc7 1-0

[Event "47th POL-ch (w)"]
[Site "Warszawa POL"]
[Date "1995.03.??"]
[Round "3"]
[EventDate "1995.03.20"]
[PlyCount "77"]
[Result "1/2-1/2"]
[White "Dworakowska, Joanna"]
[Black "Dabrowska, Krystyna"]
[WhiteElo "2225"]
[BlackElo "2305"]

1. e4 e5 2. Nf3 Nc6 3. Bb5 g6 4. c3 a6 5. Ba4 d6 6. d4 Bd7 7. O-O Bg7 8. Re1  Nge7 9. dxe5 dxe5 10. Be3 O-O 11. Bc5 Re8 12. Nbd2 b6 13. Ba3 Qc8 14. Qe2 h6  15. Nf1 b5 16. Bb3 Na5 17. Rad1 Nxb3 18. axb3 Be6 19. c4 Rb8 20. Bxe7 Rxe7 21.  Ne3 Qb7 22. Nd5 Rd7 23. Nc3 bxc4 24. Rxd7 Bxd7 25. bxc4 Bg4 26. h3 Be6 27. Nd2  h5 28. Qd3 c6 29. c5 Bf6 30. Ne2 Qb4 31. Ra1 Rd8 32. Qf3 Rxd2 33. Qxf6 Rxe2 34.  Rxa6 Qb8 35. Rxc6 Rxe4 36. Rxe6 Re1+ 37. Kh2 fxe6 38. Qxg6+ Kf8 39. Qf6+  1/2-1/2

[Event "47th POL-ch (w)"]
[Site "Warszawa POL"]
[Date "1995.03.??"]
[Round "3"]
[EventDate "1995.03.20"]
[PlyCount "71"]
[Result "1-0"]
[White "Grabarska, Barbara"]
[Black "Bartosik, Olimpia"]
[WhiteElo "2155"]
[BlackElo "2145"]

1. e4 c5 2. Nf3 Nc6 3. d4 cxd4 4. Nxd4 Nf6 5. Nc3 e5 6. Ndb5 d6 7. Bg5 a6 8.  Na3 b5 9. Bxf6 Qxf6 10. Nd5 Qd8 11. c3 Be6 12. Be2 Be7 13. Nc2 O-O 14. O-O Bg5  15. Bg4 Ra7 16. Nce3 g6 17. Kh1 f5 18. exf5 gxf5 19. Bh3 Ne7 20. f4 Bh6 21.  fxe5 Nxd5 22. Nxf5 Qg5 23. Rf3 Kh8 24. Nxh6 Rxf3 25. Bxe6 Qxh6 26. Qxd5 Rf8 27.  exd6 Qf4 28. h3 Rg7 29. d7 Qh4 30. Rd1 Qd8 31. Bg4 Re7 32. Qd4+ Rg7 33. Re1  Rfg8 34. Rd1 Rf8 35. Qd6 Re7 36. Qxa6 1-0

[Event "47th POL-ch (w)"]
[Site "Warszawa POL"]
[Date "1995.03.??"]
[Round "3"]
[EventDate "1995.03.20"]
[PlyCount "70"]
[Result "1-0"]
[White "Henc, Renata"]
[Black "Guzkowska, Magdalena"]
[WhiteElo "2160"]
[BlackElo "2155"]

1. d4 d5 2. Nf3 c6 3. c4 e6 4. Nc3 Bd6 5. e4 Ne7 6. Be2 Bb4 7. Qc2 dxc4 8. Bxc4  Nd7 9. O-O O-O 10. Rd1 Qa5 11. Bd2 Nb6 12. Be2 Nd7 13. a3 Bxc3 14. Bxc3 Qc7 15.  Rac1 Nb6 16. b4 Bd7 17. a4 Rac8 18. a5 Na8 19. Qb2 f6 20. Bc4 Ng6 21. Qb3 Rfe8  22. Bb2 Qf4 23. d5 cxd5 24. exd5 e5 25. d6+ Kh8 26. Bf7 e4 27. Bxe8 Rxe8 28.  Nd4 Ne5 29. Ne2 Qg4 30. Bxe5 Rxe5 31. Qf7 h6 32. Nf4 Qxf4 33. Qxd7 e3 34. fxe3  Qxe3+ 35. Kh1 Kh7 1-0

[Event "47th POL-ch (w)"]
[Site "Warszawa POL"]
[Date "1995.03.??"]
[Round "3"]
[EventDate "1995.03.20"]
[PlyCount "80"]
[Result "0-1"]
[White "Krynicka, Jolanta"]
[Black "Aksiuczyc, Monika"]
[WhiteElo "2175"]
[BlackElo "2075"]

1. Nf3 Nf6 2. g3 g6 3. Bg2 Bg7 4. O-O Nc6 5. d3 d5 6. Nbd2 O-O 7. c4 e5 8. cxd5  Nxd5 9. Nc4 Re8 10. Qb3 a5 11. a4 Bg4 12. Be3 Ndb4 13. h3 Be6 14. Ng5 Bd5 15.  Ne4 Nd4 16. Bxd4 exd4 17. Qd1 Qe7 18. Re1 Rad8 19. Nxa5 Ra8 20. Nb3 Bc6 21. a5  f5 22. Ned2 Bxg2 23. Kxg2 f4 24. Nf3 fxg3 25. fxg3 Nd5 26. Qc1 Ne3+ 27. Kh2 Qd6  28. Ra4 b5 29. Rxd4 Bxd4 30. Nbxd4 Rxa5 31. Qc3 b4 32. Qb3+ Kg7 33. Rc1 c5 34.  Nc2 Nf1+ 35. Rxf1 Rxe2+ 36. Kh1 Qxg3 37. Nce1 Qxh3+ 38. Kg1 c4 39. Qxc4 Rg5+  40. Nxg5 Qh2# 0-1

[Event "47th POL-ch (w)"]
[Site "Warszawa POL"]
[Date "1995.03.??"]
[Round "3"]
[EventDate "1995.03.20"]
[PlyCount "144"]
[Result "0-1"]
[White "Leszner, Liliana"]
[Black "Brustman, Agnieszka"]
[WhiteElo "2205"]
[BlackElo "2290"]

1. e4 e6 2. d4 d5 3. exd5 exd5 4. Bd3 Bd6 5. Ne2 Nf6 6. Bf4 Nc6 7. c3 Bg4 8. f3  Bh5 9. O-O Bg6 10. Re1 O-O 11. Bxd6 Qxd6 12. Ng3 Rfe8 13. Rxe8+ Rxe8 14. Na3  Qf4 15. Nc2 Nd8 16. Bxg6 hxg6 17. Qc1 Qd6 18. Nb4 c5 19. dxc5 Qxc5+ 20. Kh1 d4  21. Nd3 Qc4 22. Nf2 dxc3 23. Qxc3 Qxc3 24. bxc3 Nd5 25. c4 Nb6 26. c5 Na4 27.  Nge4 f5 28. Nd6 Re2 29. Nd3 Rd2 30. Ne5 Nxc5 31. Nc8 Re2 32. Nxg6 Nc6 33. Nf4  Rd2 34. g4 Rd8 35. Rc1 b6 36. Nxa7 Nxa7 37. gxf5 Nc6 38. Ne6 Rd5 39. Rb1 Rxf5  40. Rxb6 Nxe6 41. Rxc6 Nd4 42. Rc8+ Kh7 43. Kg2 Ra5 44. Rc4 Rxa2+ 45. Kg3 Nf5+  46. Kf4 Ne7 47. Kg3 Ra3 48. Rh4+ Kg8 49. Rb4 Nd5 50. Rd4 Nf6 51. Rb4 Kf7 52.  Rc4 Kg6 53. Rb4 Ra2 54. Rb6 Ra5 55. h4 Kf5 56. Rb4 Nh5+ 57. Kh3 Rd5 58. Ra4  Nf4+ 59. Kg3 Ne2+ 60. Kf2 Nd4 61. Ra7 Kg6 62. Kg3 Rf5 63. Kg4 Rxf3 64. Rd7 Rd3  65. Rd6+ Kh7 66. Rd5 Rd1 67. Rh5+ Kg8 68. Rd5 Rg1+ 69. Kh5 g6+ 70. Kh6 Nf5+ 71.  Rxf5 gxf5 72. h5 Kf7 0-1

[Event "47th POL-ch (w)"]
[Site "Warszawa POL"]
[Date "1995.03.??"]
[Round "3"]
[EventDate "1995.03.20"]
[PlyCount "55"]
[Result "1-0"]
[White "Radziewicz, Iweta"]
[Black "Lewandowska, Katarzyna"]
[WhiteElo "2160"]
[BlackElo "2100"]

1. d4 d5 2. c4 e6 3. cxd5 exd5 4. Nc3 c6 5. Qc2 Bd6 6. Nf3 Ne7 7. Bg5 f6 8. Bh4  Bf5 9. Qd2 O-O 10. e3 Nd7 11. Be2 b5 12. Bg3 Nb6 13. O-O b4 14. Nd1 a5 15. b3  a4 16. Nb2 axb3 17. axb3 Ra3 18. Rxa3 bxa3 19. Nd3 Bxg3 20. hxg3 Bxd3 21. Bxd3  Qd6 22. Qa5 Ra8 23. Qxb6 a2 24. Ra1 Qa3 25. Ne1 Qb2 26. Nc2 Ra3 27. Qb4 Ra7 28.  Qb8+ 1-0

[Event "47th POL-ch (w)"]
[Site "Warszawa POL"]
[Date "1995.03.??"]
[Round "3"]
[EventDate "1995.03.20"]
[PlyCount "89"]
[Result "1-0"]
[White "Zielinska, Marta"]
[Black "Bobrowska, Monika"]
[WhiteElo "2220"]
[BlackElo "2310"]

1. d4 Nf6 2. Nc3 d5 3. Bf4 Bf5 4. e3 e6 5. Bd3 Bd6 6. Bxd6 Qxd6 7. Bxf5 exf5 8.  Qd3 g6 9. Nf3 O-O 10. O-O c6 11. Ne2 Na6 12. c4 Nb4 13. Qb3 dxc4 14. Qxc4 Nbd5  15. g3 Ne4 16. a3 g5 17. Qc2 Rae8 18. Rae1 Kh8 19. Nd2 Rg8 20. Nxe4 fxe4 21.  Nc3 f5 22. Nxd5 Qxd5 23. Qe2 f4 24. Qg4 Qf7 25. Re2 Re6 26. Rfe1 h5 27. Qh3 f3  28. Rc2 g4 29. Qh4 b6 30. Rec1 Qg6 31. b4 Rf6 32. a4 Rgf8 33. h3 Kg7 34. b5  cxb5 35. axb5 Qf5 36. Rc7+ R8f7 37. hxg4 hxg4 38. Rxf7+ Rxf7 39. Rc6 Kg8 40.  Rh6 Rg7 41. Rh8+ Kf7 42. Qd8 Qe6 43. Qf8+ Kg6 44. Qf4 Rh7 45. d5 1-0

[Event "47th POL-ch (w)"]
[Site "Warszawa POL"]
[Date "1995.03.??"]
[Round "4"]
[EventDate "1995.03.20"]
[PlyCount "173"]
[Result "1-0"]
[White "Bobrowska, Monika"]
[Black "Radziewicz, Iweta"]
[WhiteElo "2310"]
[BlackElo "2160"]

1. d4 Nf6 2. Nf3 e6 3. Bg5 c5 4. e3 Qb6 5. Qc1 Ne4 6. Bf4 d5 7. c3 Bd7 8. Nbd2  Nxd2 9. Qxd2 cxd4 10. exd4 Bb5 11. Bxb5+ Qxb5 12. Bxb8 Rxb8 13. Qf4 Rd8 14. Ne5  f6 15. Nf3 Bd6 16. Qe3 O-O 17. Qxe6+ Kh8 18. O-O-O Rfe8 19. Qf5 Re2 20. Rd2 Re4  21. g3 Rde8 22. Rhd1 R8e6 23. Nh4 g6 24. Qf3 Bf8 25. Qd3 Qa5 26. Kb1 Ra6 27. b3  Bh6 28. Rc2 Rae6 29. Ng2 Re8 30. f4 b5 31. Rdd2 Bf8 32. Rf2 a6 33. Rf1 f5 34.  Rd1 Bg7 35. b4 Qb6 36. Rb2 Qc7 37. Rdd2 Bf8 38. Rd1 Rb8 39. Rdd2 a5 40. bxa5  Qxa5 41. Ne3 b4 42. Rd1 Ra8 43. c4 Bg7 44. Nc2 dxc4 45. Qxc4 Qd8 46. Rxb4 Rc8  47. Qd3 Qd6 48. a3 h6 49. Rd2 Qe7 50. Qa6 Rd8 51. Qxg6 Re1+ 52. Kb2 Re2 53.  Rxe2 Qxe2 54. Qxf5 Rxd4 55. Rxd4 Bxd4+ 56. Kb3 Qf3+ 57. Ka2 Bg7 58. Qc8+ Kh7  59. Qc4 Qf2 60. Qd3+ Kh8 61. h4 Qb6 62. Qb3 Qg1 63. a4 Qc5 64. Qd3 Qb6 65. Qb5  Qf2 66. Qe8+ Kh7 67. Qe4+ Kh8 68. g4 Qxh4 69. f5 Qd8 70. Kb3 Qd1 71. a5 Qb1+  72. Ka4 Qf1 73. Nb4 Qd1+ 74. Kb5 Qd7+ 75. Qc6 Qd2 76. a6 Bd4 77. Qe8+ Kg7 78.  Qg6+ Kf8 79. f6 Qe2+ 80. Nd3 Qe3 81. Qg7+ Ke8 82. Qe7+ Qxe7 83. fxe7 Ba7 84.  Ne5 Be3 85. Nc6 Kd7 86. Kc4 Bb6 87. Kd5 1-0

[Event "47th POL-ch (w)"]
[Site "Warszawa POL"]
[Date "1995.03.??"]
[Round "4"]
[EventDate "1995.03.20"]
[PlyCount "179"]
[Result "1/2-1/2"]
[White "Brustman, Agnieszka"]
[Black "Zielinska, Marta"]
[WhiteElo "2290"]
[BlackElo "2220"]

1. e4 e6 2. d4 d5 3. Nc3 Nf6 4. e5 Nfd7 5. f4 c5 6. Nf3 Nc6 7. Be3 cxd4 8. Nxd4  Bc5 9. Qd2 Bxd4 10. Bxd4 Nxd4 11. Qxd4 Qb6 12. Nb5 Qxd4 13. Nxd4 a6 14. Bd3 Ke7  15. O-O h5 16. g3 g6 17. h3 Nb8 18. Kg2 Bd7 19. Kf3 Nc6 20. Ke3 Rac8 21. a4  Rcg8 22. Nxc6+ Bxc6 23. Kd4 Rc8 24. b3 Bd7 25. Rh1 Rcg8 26. Raf1 Rh6 27. Rh2  Kd8 28. Rhf2 Kc7 29. Re1 Rd8 30. Re3 Bc6 31. Bf1 Rdh8 32. Rc3 Kb6 33. Rc5 Rd8  34. Rf3 Rhh8 35. Rfc3 a5 36. Rf3 Rc8 37. Rcc3 Bd7 38. Rxc8 Rxc8 39. Bd3 Rh8 40.  Rf1 Bc6 41. Rd1 Bd7 42. Rg1 Rh6 43. Be2 Rh8 44. Rh1 Rc8 45. Bd3 Rh8 46. Bf1 Rc8  47. Rh2 Rh8 48. Be2 Rc8 49. Bf3 Rh8 50. Bd1 Bc6 51. Rf2 Bd7 52. Rf1 Bc6 53. Rf3  Bd7 54. Rc3 Bc6 55. Be2 Rh7 56. Rd3 Rh8 57. Rd1 Rc8 58. Rb1 Rh8 59. Ra1 Ra8 60.  Bd3 Bd7 61. Be2 Bc6 62. Bf3 Rc8 63. Rh1 Rh8 64. c3 Rh7 65. Bd1 Rh8 66. Bc2 Bd7  67. Ra1 Rc8 68. Bd3 Ra8 69. Be2 Bc6 70. Bf3 Rc8 71. g4 hxg4 72. hxg4 Rh8 73.  Rh1 Rxh1 74. Bxh1 Kc7 75. Kc5 b6+ 76. Kd4 b5 77. axb5 Bxb5 78. Bf3 a4 79. bxa4  Bxa4 80. Kc5 Bc2 81. Be2 Kd7 82. Bb5+ Ke7 83. Kd4 Bd1 84. g5 Bc2 85. Kc5 Be4  86. Bc6 Bc2 87. Kb6 Bb3 88. Kc7 Bc4 89. Kb6 Bb3 90. Kc5 1/2-1/2

[Event "47th POL-ch (w)"]
[Site "Warszawa POL"]
[Date "1995.03.??"]
[Round "4"]
[EventDate "1995.03.20"]
[PlyCount "87"]
[Result "1-0"]
[White "Guzkowska, Magdalena"]
[Black "Leszner, Liliana"]
[WhiteElo "2155"]
[BlackElo "2205"]

1. d4 Nf6 2. c4 d6 3. Nc3 Nbd7 4. e3 c6 5. Nf3 e5 6. Qc2 Be7 7. Be2 O-O 8. O-O  Re8 9. Rd1 Qc7 10. Rb1 a6 11. b4 b6 12. Bb2 Bb7 13. Ba1 Rac8 14. a4 Bf8 15. Qa2  exd4 16. Nxd4 c5 17. Nc2 Ne5 18. b5 a5 19. f3 Rcd8 20. e4 Re6 21. Ne3 Rde8 22.  Qd2 g6 23. Ncd5 Bxd5 24. cxd5 R6e7 25. Bxe5 Rxe5 26. Nc4 R5e7 27. e5 Rxe5 28.  Nxe5 Rxe5 29. Bc4 Qe7 30. g3 Bg7 31. Re1 Nd7 32. f4 Re4 33. Bd3 Bd4+ 34. Kg2  Rxe1 35. Rxe1 Qf6 36. Re8+ Kg7 37. Qe2 c4 38. Bxc4 Nc5 39. Ra8 Qf5 40. Rd8 Nxa4  41. Qe8 Qc2+ 42. Be2 Bc5 43. Qh8+ Kh6 44. Qf8# 1-0

[Event "47th POL-ch (w)"]
[Site "Warszawa POL"]
[Date "1995.03.??"]
[Round "4"]
[EventDate "1995.03.20"]
[PlyCount "126"]
[Result "0-1"]
[White "Krynicka, Jolanta"]
[Black "Dworakowska, Joanna"]
[WhiteElo "2175"]
[BlackElo "2225"]

1. Nf3 Nf6 2. g3 g6 3. Bg2 Bg7 4. O-O O-O 5. d3 d6 6. c4 e5 7. Nc3 Nc6 8. Rb1  a5 9. a3 Nd4 10. b4 axb4 11. axb4 c6 12. b5 Bg4 13. bxc6 bxc6 14. e3 Nxf3+ 15.  Bxf3 Bxf3 16. Qxf3 Qc7 17. Bd2 Nd7 18. Qd1 Ra6 19. Qc2 Rfa8 20. Rb3 Nc5 21. Rb4  Qc8 22. Rfb1 h5 23. e4 Ra1 24. Be3 Na6 25. R4b3 Rxb1+ 26. Rxb1 Bf6 27. Na4 Bd8  28. c5 d5 29. d4 Qe6 30. Nb6 Ra7 31. exd5 cxd5 32. dxe5 Nc7 33. Qb2 Ra5 34. Ra1  Rb5 35. Qc3 Qc6 36. Bd4 Ne6 37. Rd1 Bxb6 38. cxb6 Rxb6 39. Qa5 Rb5 40. Qa4 Qb7  41. Be3 Kg7 42. Qh4 Rb4 43. Qf6+ Kg8 44. h4 d4 45. Bg5 Rb1 46. Rxb1 Qxb1+ 47.  Kh2 Qe1 48. Qf3 Nxg5 49. hxg5 Qxe5 50. Qa8+ Kg7 51. Qd8 Qe4 52. Qf6+ Kg8 53.  Qd8+ Kh7 54. Qd7 Kg7 55. Qa4 Qd5 56. Kg1 d3 57. Qd1 d2 58. f4 Qd3 59. Kf2 Kf8  60. Kg2 Ke7 61. Kf2 Ke6 62. Kg2 Qe3 63. Kf1 Kf5 0-1

[Event "47th POL-ch (w)"]
[Site "Warszawa POL"]
[Date "1995.03.??"]
[Round "4"]
[EventDate "1995.03.20"]
[PlyCount "115"]
[Result "1/2-1/2"]
[White "Lewandowska, Katarzyna"]
[Black "Grabarska, Barbara"]
[WhiteElo "2100"]
[BlackElo "2155"]

1. d4 Nf6 2. Nf3 g6 3. c4 Bg7 4. Nc3 d5 5. Bg5 Ne4 6. cxd5 Nxg5 7. Nxg5 O-O 8.  e3 c6 9. Qb3 e6 10. dxc6 Nxc6 11. Nf3 e5 12. d5 Na5 13. Qd1 Bg4 14. Qa4 Bxf3  15. gxf3 Rc8 16. Be2 f5 17. Rd1 e4 18. Qb4 exf3 19. Bxf3 Nc4 20. O-O Qg5+ 21.  Kh1 Ne5 22. Be2 f4 23. Rg1 Qh6 24. Rd4 g5 25. exf4 gxf4 26. Qe7 Kh8 27. Re4  Rce8 28. Qg5 Qxg5 29. Rxg5 Nf7 30. Rxe8 Rxe8 31. Bh5 Nxg5 32. Bxe8 f3 33. h4  Nh3 34. Kh2 Nxf2 35. Kg3 Nd3 36. Kxf3 Nxb2 37. Nb5 a6 38. Nd6 Bf6 39. Nxb7 Bxh4  40. d6 Nc4 41. d7 Ne5+ 42. Ke4 Nc6 43. Kd5 Nd8 44. Nc5 a5 45. a4 Kg7 46. Nb3  Be1 47. Nd4 Bf2 48. Nb5 Be1 49. Nd4 Bf2 50. Nb3 Be1 51. Kc4 Kf6 52. Kb5 Ke7 53.  Nxa5 h5 54. Nc4 h4 55. Ne3 h3 56. Nf1 Ne6 57. a5 Bf2 58. Kc6 1/2-1/2